Statistiken für Ehemalige Länder Flaggenumriss-Quiz

Klicken Sie hier um das Quiz zu spielen!

Allgemein

  • Dieses Quiz wurde 6.278 mal gespielt
  • Das Durchschnittsergebnis liegt bei 10 aus 16

Antwortstatistiken

Antwort% Korrekt
Sowjetunion
95%
DDR
91%
Österreich-Ungarn
87%
Schottland
85%
Tschechoslowakei
82%
Jugoslawien
79%
Osmanisches Reich
77%
Preußen
75%
Texas
74%
Großkolumbien
43%
Heiliges Römisches Reich
42%
Tibet
34%
Zaire
31%
Neufundland
25%
Südvietnam
20%
Vermont
13%

Verteilung der Resultate

Perzentil nach korrekt beantworteten Fragen

Anzahl Personen mit jedem Resultat

Ihre Resultats-Entwicklung

Sie haben dieses Quiz noch nicht gespielt